| 000 | 00814cab a2200241 4500 | ||
|---|---|---|---|
| 001 | WB3415-67 | ||
| 008 | 090401t1998 xxu||||| |||| 00| 0 eng d | ||
| 035 | _a(Sirsi) u85662 | ||
| 041 | _aeng | ||
| 245 | _aProperty shop | ||
| 260 | _c1998 | ||
| 350 | _a0 | ||
| 490 |
_aLaw Society`s Gazette _v95(14) 8 April 1998, 1&5(1) |
||
| 520 | _aThe Edinburgh Solicitors Property Centre (ESPC) has failed in its attempt to open a property shop in London. It has not met its target of signing up 350 firms in London and the south east. | ||
| 650 | _aEDINBURGH SOLICITORS PROPERTY CENTRE | ||
| 650 | _aESPC | ||
| 650 | _aPROPERTY CENTRES | ||
| 650 | _aSOLICITORS PROPERTY CENTRES | ||
| 650 | _aSOLICITORS | ||
| 690 | _aMANAGEMENT-BUSINESS MANAGEMENT-PROFESSIONAL PRACTICE | ||
| 942 | _n0 | ||
| 948 | _c17/04/1998 | ||
| 999 |
_c53878 _d53878 |
||